000 02296cam a22004934i 4500
003 PE-LiUPU
005 20250731165600.0
008 150625s r 000 0 d
035 _a(Sirsi) a37589
035 _a(Sirsi) a37589
040 _aPE-LiUPU
_bspa
_cPE-LiUPU
_erda
082 0 4 _a985.008
_bA8
_221
245 0 0 _aAtlas regional del Perú : La Libertad :
_bimagen geográfica, estadística, histórica y cultural.
_n10 /
_c[dirección de investigación y redacción], Carlos Garayar.
264 1 _aLima :
_bPEISA,
_c2003.
300 _a112 páginas :
_bilustraciones, mapas, fotos, col. ;
_c28 cm.
336 _atext
_2rdacontent
337 _aunmediated
_2rdamedia
338 _avolume
_2rdacarrier
505 0 _aGeografía. -Relieve y geología. -Hidrografía. -División política. -Demografía. -Recursos naturales y producción. -Ecología. -Historia. -La Libertad en tiempos prehispánicos. - Conquista y Colonia. -La Libertad durante la Repùblica. -Cultura. -Letras de la Libertad. -Liberteños ilustres. -Instrumentos musicales prehistopánicos. -Danzas liberteñas. -Otuzco la Virgen de la Puerta. -Arquitectura Liberteña. -Calendario festivo. -Gastronomía de La Libertad. -La Atractivos turísticos.
526 _aSEG44
526 _aSEG26
526 _aP151
526 _aP150
526 _aP149
526 _aP146
526 _aP145
526 _aP126
526 _aP125
526 _aP92
526 _aP75
526 _aP74
526 _aP27
526 _aP15
650 1 4 _aTurismo
_zPerú.
_93316
651 4 _aLa libertad
_xDescripciones y viajes
_ySiglo XX.
700 1 _aGarayar, Carlos,
_d1949- ,
_edirector.
910 _cng
_d20060905
942 _2ddc
_cBOOK
949 _aRC 985.008 A8 10
_wDEWEY
_c1
_i56601
_lRC
_mBUL
_p8.00
_r0
_sY
_tBOOK
_u2015-6-25
_xBIBLIOTECA
_zUNKNOWN
_0COMPRA
_o.CIRCNOTE. No olvidar cambiar la fecha de devolución!!!!!!!
_o.STAFF. Colección General
994 _aC0
_bPEPRU
596 _a1
999 _aRC 985.008 A8 10
_wDEWEY
_c45780
_i56601
_f2021-11-9
_g5
_lCCODEBUL1
_mBUL
_p8.00
_r1
_sY
_tBOOK
_u2015-6-25
_xEDUCACION
_zUNKNOWN
_0COMPRA
_o.CIRCNOTE. No olvidar cambiar la fecha de devolución!!!!!!!
_o.STAFF. Colección General
_d45780
980 _81
_gALBERTO SANCHEZ Responsable de Automatización